00314pab a2200121 454500008004000000100001700040245007400057260000900131300001300140362001100153650001300164773001500177180718b2012 xxu||||| |||| 00| 0 eng d aArvind Kumar aComplexities of the struggle for a post Hindu India. (Review article) c2012 ap.17-22. a21 Apr aHinduism aMainstream